| 000 -ლიდერი |
| ფიქსირებული სიგრძის საკონტროლო ველი |
01157nam a2200229Ia 4500 |
| 001 - საკონტროლო ნომერი |
| საკონტროლო ველი |
6968 |
| 003 - საკონტროლო ნომრის იდენტიფიკატორი |
| საკონტროლო ველი |
GE_BSU |
| 005 - ბოლო ოპერაციის თარიღი და დრო |
| საკონტროლო ველი |
20190604173204.0 |
| 008 - ფიქსირებული სიგრძის მონაცემთა ელემენტები - ზოგადი ინფორმაცია |
| ფიქსირებული სიგრძის საკონტროლო ველი |
181216s1980||||ge |||||||||||||| ||geo|| |
| 040 ## - კატალოგიზაციის წყარო |
| Transcribing agency |
GE_BSU |
| 041 ## - ენის კოდი |
| Language code of text/sound track or separate title |
geo |
| 080 ## - უნივერსალური ათობითი კლასიფიკაციის ინდექსი |
| Universal Decimal Classification number |
004.383.3(075.8) ჩ-95 |
| 100 ## - მთავარი ჩანაწერი - პიროვნების სახელი |
| Personal name |
ჩხატარაშვილი, ნ. |
| 9 (RLIN) |
2064 |
| 245 ## - ცნობა სათაურის შესახებ |
| Title |
ციფრული გამომთვლელი მანქანების პერიფერიული მოწყობილობები.ნაწ.1. |
| Statement of responsibility, etc |
ნ. ჩხატარაშვილი, მ. ღოღობერიძე ; რედ. მ. ძიძიგური. |
| 264 ## - წარმოების, გამოცემის, დისტრიბუციის და სხვა ცნობები |
| გამოცემის, წარმოების, დისტრიბუციის... ადგილი |
თბილისი : |
| გამოცემის, წარმოების, დისტრიბუციის... სახელწოდება |
სპი, |
| გამოცემის, წარმოების, დისტრიბუციის... თარიღი |
1980. |
| 300 ## - ფიზიკური აღწერა |
| Extent |
98 გვ.; |
| Dimensions |
20 სმ. |
| 504 ## - BIBLIOGRAPHY, ETC. NOTE |
| Bibliography, etc |
ბიბლიოგრ. : გვ.96. |
| 653 ## - INDEX TERM--UNCONTROLLED |
| Uncontrolled term |
ციფრული გამომთვლელი მანქანების პერიფერიული მოწყობილობები |
| 700 ## - ADDED ENTRY--PERSONAL NAME |
| Personal name |
ღოღობერიძე, მ. |
| Relator term |
ავტორი |
| 9 (RLIN) |
2065 |
| 700 ## - ADDED ENTRY--PERSONAL NAME |
| Personal name |
ძიძიგური, მ. |
| Relator term |
რედაქტორი |
| 9 (RLIN) |
472 |
| 942 ## - ADDED ENTRY ELEMENTS (KOHA) |
| Koha item type |
წიგნი |
| Source of classification or shelving scheme |
|